000 00299nam a22001337a 4500
008 170414b xxu||||| |||| 00| 0 eng d
020 _a9781133587538
041 _aeng
080 _213TH
_a612.39
100 _a10
101 _aSHM
245 _aUNDERSTANDING NUTRITION
_cWHITNEY
942 _2udc
_cBK
999 _c10733
_d10733